Speed AZ Quiz - CANADA Stats

 Plays Quiz not verified by Sporcle

Challenge
Share
Tweet
Embed
Score 0/25 Timer 05:00
0 Plays Today
Clues Answers % Correct
Q - Largest province by area.QUEBEC
96.7%
C - The 'Stampede City', in the Grassland region of Alberta.CALGARY
94.6%
U - Bordering country.U.S.A.
94.6%
O - Largest province by population. Its name may comes from a Huron word meaning 'great lake'.ONTARIO
92.4%
M - Largest French-speaking city.MONTREAL
90.2%
V - Largest metropolitan area on the Western Coast.VANCOUVER
90.2%
W - Largest city in Manitoba.WINNIPEG
88%
Y - Smallest of the three federal territories.YUKON
88%
E - The most northerly city in North America with a metropolitan population of over one million.EDMONTON
85.9%
L - City in Ontario, at the forks of the Thames River and named after a European capital city.LONDON
83.7%
R - Provincial capital city named in 1882 after Queen Victoria.REGINA
81.5%
T - City whose name means 'place where trees stand in the water'.TORONTO
81.5%
B - Largest island in the country.BAFFIN ISLAND
78.3%
Clues Answers % Correct
P - Province known as 'Garden of the Gulf' and 'Birthplace of Confederation'.PRINCE EDWARD ISLAND
78.3%
N - One of the three Maritime provinces and the only one constitutionally bilingual.NEW BRUNSWICK
76.1%
X - Capital of Nova Scotia … as seen at a mirror.XAFILAH
76.1%
J - City in Alberta's Rockies, with the Icefields Parkway connecting the townsite to Lake Louise in Banff National Park.JASPER
55.4%
F - The 'City of Stately Elms', at the bottom of the Saint John River.FREDERICTON
50%
H - Port city, on the western end of the Niagara Peninsula, in the geographic centre of the 'Golden Horseshoe'.HAMILTON
50%
G - Largest lake entirely within Canada.GREAT BEAR LAKE
44.6%
A - Largest lake on the border between Alberta and Saskatchewan.ATHABASCA
41.3%
K - City on Okanagan Lake. Named from a native term for 'grizzly bear'.KELOWNA
31.5%
S - Largest urban centre on Cape Breton Island.SYDNEY
25%
I - City in the Everett Mountains, at the head of Frobisher Bay.IQALUIT
21.7%
D - Largest uninhabited island on Earth.DEVON ISLAND
10.9%

You're not logged in!

Compare scores with friends on all Sporcle quizzes.
OR
Log In

You Might Also Like...

Show Comments

Extras

Created Sep 29, 2011SourceReportNominate
Tags:Canada Quiz, speed

Top Quizzes Today


Score Distribution

Your Account Isn't Verified!

In order to create a playlist on Sporcle, you need to verify the email address you used during registration. Go to your Sporcle Settings to finish the process.

Report this User

Report this user for behavior that violates our Community Guidelines.

Details: